| 000 | 01205nam a2200337 i 4500 | ||
|---|---|---|---|
| 001 | bg | ||
| 003 | BPK | ||
| 005 | 20200428143120.0 | ||
| 008 | 970625s1994 pl a f |001 0 pol | ||
| 015 | _aPB 1994/9717 | ||
| 020 | _a8320417457 | ||
| 020 | _a8320417414 | ||
| 040 |
_aWA N _cBPK |
||
| 080 | _a51 | ||
| 080 | _a(075.8) | ||
| 100 | 1 |
_aŻakowski, Wojciech _d(1929-1993) _eAutor |
|
| 245 | 1 | 0 |
_aMatematyka. _nCz. 4 / _cWojciech Żakowski, Wacław Leksiński. |
| 250 | _aWyd. 8. | ||
| 260 |
_aWarszawa : _bWydawnictwa Naukowo-Techniczne, _c1994. |
||
| 300 |
_a431, [1] s. : _brys., wykr. ; _c24 cm. |
||
| 490 | 1 | _aPodręczniki Akademickie. Elektronika, Informatyka, Telekomunikacja. | |
| 500 | _aWyd. 7 ogł. pod hasłem : Żakowski Wojciech. | ||
| 504 | _aBibliogr. s. 424. - Indeks. | ||
| 650 | 4 |
_aMatematyka _xszkoły wyższe. |
|
| 655 | 4 | _aPodręczniki akademickie | |
| 700 | 1 |
_aLeksiński, Wacław _d(1932- ). _eAutor |
|
| 710 | 2 |
_aWydawnictwa Naukowo-Techniczne _4pbl. |
|
| 856 |
_uhttp://koha.tu.koszalin.pl/cgi-bin/koha/opac-detail.pl?biblionumber=6617 _yKatalog online BPK |
||
| 830 | 0 |
_aPodręczniki Akademickie _pEIT |
|
| 942 |
_2UKD _cKS |
||
| 999 |
_c6617 _d6617 |
||